Tìm hiểu lịch sử Việt Nam hướng tới lễ kỷ niệm

Gardado en:
Detalles Bibliográficos
Formato: Libro
Các nhãn: Engadir etiqueta
Sen Etiquetas, Sexa o primeiro en etiquetar este rexistro!
Thư viện lưu trữ: Mạng thư viện Đại học Đà Nẵng
LEADER 00625nam a2200205 4500
001 000010133
003 6333
005 20150812140840.0
008 111114s sd
245 0 0 |a Tìm hiểu lịch sử Việt Nam hướng tới lễ kỷ niệm 
774 |d Tp. Biên Hoà  |d Nxb. Đồng Nai  |d 2010  |g T. 1  |h 603 tr  |w 6335 
774 |d Tp. Biên Hoà  |d Nxb. Đồng Nai  |d 2010  |g T. 2  |h 575 tr  |w 6336 
OWN |a LSP 
999 |a From the UDN01 
TYP |a Monograph 
TYP |a Printed language 
980 |a Mạng thư viện Đại học Đà Nẵng